[Event "AUT-ch U18"]
[White "Pernerstorfer, Moritz"]
[Black "Prummer, Sebastian"]
[Site "St Veit"]
[Round "7"]
[Result "1/2-1/2"]
[Date "2023.04.06"]
[WhiteElo "1932"]
[BlackElo "1862"]
[PlyCount "89"]
[EventDate "2023.04.02"]
[EventType "swiss"]
[EventRounds "7"]
[EventCountry "AUT"]
[SourceTitle "EXT 2024"]
[Source "ChessBase"]
[SourceDate "2023.10.10"]
[SourceVersion "1"]
[SourceVersionDate "2023.10.10"]
[SourceQuality "1"]

1. e4 e5 2. Nf3 Nc6 3. d4 exd4 4. Nxd4 Bc5 5. Be3 Qf6 6. c3 Qg6 7. Nd2 Nf6 8. Qc2 Ng4 9. N2b3 Nxe3 10. fxe3 Bb6 11. 0-0-0 0-0 12. Be2 d6 13. Nxc6 Bxe3+ 14. Kb1 bxc6 15. h4 h5 16. Nd4 Bxd4 17. cxd4 Bd7 18. Bc4 d5 19. Bd3 Qd6 20. e5 Qe7 21. Be2 c5 22. Qxc5 Qxc5 23. dxc5 Bf5+ 24. Bd3 Bxd3+ 25. Rxd3 c6 26. Re1 Rfe8 27. Rde3 Re6 28. Kc2 Rae8 29. Kd3 Rb8 30. Kc3 Rb5 31. b4 a5 32. a3 axb4+ 33. axb4 d4+ 34. Kxd4 Rxb4+ 35. Kc3 Rxh4 36. Rd3 Rg4 37. Rd8+ Kh7 38. Re2 Rg5 39. Rd6 Rexe5 40. Rxe5 Rxe5 41. Rxc6 Re2 42. Rd6 Rxg2 43. c6 Rg1 44. Kc2 Rg2+ 45. Kc3 1/2-1/2

[Event "AUT-ch U18"]
[White "Prummer, Sebastian"]
[Black "Ramsbacher, David"]
[Site "St Veit"]
[Round "6"]
[Result "1/2-1/2"]
[Date "2023.04.05"]
[WhiteElo "1862"]
[BlackElo "1982"]
[PlyCount "60"]
[EventDate "2023.04.02"]
[EventType "swiss"]
[EventRounds "7"]
[EventCountry "AUT"]
[SourceTitle "EXT 2024"]
[Source "ChessBase"]
[SourceDate "2023.10.10"]
[SourceVersion "1"]
[SourceVersionDate "2023.10.10"]
[SourceQuality "1"]

1. Nf3 d5 2. g3 Nf6 3. Bg2 c6 4. c4 g6 5. cxd5 cxd5 6. 0-0 Bg7 7. d4 0-0 8. Nc3 Nc6 9. Ne5 Bf5 10. Bf4 Qa5 11. Nxc6 bxc6 12. Qa4 Qb6 13. b3 Nh5 14. Be3 Bd7 15. Qa3 Qd8 16. Rfd1 e5 17. dxe5 Bxe5 18. Bd4 Bxd4 19. Rxd4 Qf6 20. Rad1 Ng7 21. Na4 Ne6 22. R4d2 Ng5 23. Qb2 Qe7 24. Qd4 Bh3 25. Bxh3 Nxh3+ 26. Kg2 Ng5 27. Nc5 f5 28. Rc2 Rf6 29. Qh4 Ne4 30. Nxe4 Qxe4+ 1/2-1/2

[Event "Vienna State-chB"]
[White "Anastasakis, Georgios"]
[Black "Prummer, Sebastian"]
[Site "Vienna"]
[Round "2"]
[Result "1-0"]
[Date "2022.09.18"]
[WhiteElo "1893"]
[BlackElo "1762"]
[PlyCount "125"]
[EventDate "2022.09.17"]
[EventType "swiss"]
[EventRounds "9"]
[EventCountry "AUT"]
[SourceTitle "CBM 210 Extra"]
[Source "ChessBase"]
[SourceDate "2022.11.30"]
[SourceVersion "1"]
[SourceVersionDate "2022.11.30"]
[SourceQuality "1"]

1. e4 e5 2. Nf3 Nc6 3. Bc4 Bc5 4. c3 Nf6 5. d3 d6 6. Bb3 0-0 7. 0-0 Bg4 8. h3 Bh5 9. Re1 Bb6 10. Nbd2 Nd7 11. Nf1 Nc5 12. Bc2 Ne6 13. Ng3 Bg6 14. b4 a6 15. a3 Qf6 16. Ra2 Nf4 17. Bb3 Nd8 18. Be3 Nde6 19. d4 Rae8 20. d5 Ng5 21. Nxg5 Qxg5 22. c4 Bxe3 23. Rxe3 h5 24. Qf1 h4 25. Ne2 f5 26. exf5 Bxf5 27. Kh2 Rf6 28. Nxf4 Qxf4+ 29. Kh1 e4 30. Rae2 Rg6 31. Bc2 a5 32. f3 Rf8 33. Bxe4 Bxe4 34. Rxe4 Qf6 35. Re6 Qg5 36. Rxg6 Qxg6 37. Qe1 Qd3 38. Re4 Qxa3 39. bxa5 Qa4 40. Rxh4 Re8 41. Qc3 Qd1+ 42. Kh2 Re1 43. Rg4 Rh1+ 44. Kg3 Qe1+ 45. Qxe1 Rxe1 46. Re4 Rc1 47. Re8+ Kf7 48. Rb8 Rxc4 49. Rxb7 Ke8 50. a6 Kd7 51. a7 Ra4 52. f4 Ke7 53. Rxc7+ Kf6 54. Kf3 g5 55. fxg5+ Kxg5 56. Ke3 Kf5 57. Kd3 Ke5 58. Kc3 Kxd5 59. Kb3 Ra1 60. Kb4 Ke4 61. Kb5 d5 62. Kb6 d4 63. Rc5 1-0